History Quiz

Random History or Biography Quiz

Alive for Five? (History Edition) Quiz Stats

 Plays Quiz Updated Oct 27, 2015

Challenge
Share
Tweet
Embed
Score 0/20 Timer 04:00
0 Plays Today
Leader More or Less % Correct
Winston Churchill (UK)???
87%
Idi Amin (Uganda)???
78%
Mikhail Gorbachev (USSR)???
77.7%
Anwar Sadat (Egypt)???
76%
Gustav I (Sweden)???
73.3%
Helmut Kohl (Germany)???
73.1%
William McKinley (USA)???
72.8%
Harry S. Truman (USA)???
71%
Indira Gandhi (India)???
69.4%
Lyndon B. Johnson (USA)???
62.2%
Leader More or Less % Correct
Jean Chrétien (Canada)???
59.9%
Abraham Lincoln (USA)???
57.1%
Neville Chamberlain (UK)???
54.3%
Richard Cromwell (England)???
53.6%
Caligula (Rome)???
51.8%
Hua Guofeng (China)???
50.6%
Ethelred the Unready (England)???
43%
Napoleon II (France)???
42.7%
Simón Bolívar (Bolivia)???
34.8%
Hideki Tōjō (Japan)???
32.9%

You're not logged in!

Compare scores with friends on all Sporcle quizzes.
Join for Free
OR
Log In

You Might Also Like...

Show Comments

Extras

Top Quizzes Today


Score Distribution

Your Account Isn't Verified!

In order to create a playlist on Sporcle, you need to verify the email address you used during registration. Go to your Sporcle Settings to finish the process.

Report this User

Report this user for behavior that violates our Community Guidelines.

Details: